| 000 | 00570 a2200169 4500 | ||
|---|---|---|---|
| 020 | _a0691114323 | ||
| 020 | _a9780691114323 | ||
| 082 | 0 | 4 | _a519.94 |
| 090 |
_c859 _d859 |
||
| 100 | 1 | _aBezout, Etienne. | |
| 245 | 1 | 0 |
_aGeneral theory of algebraic equations / _cEtienne Bezout, Eric Feron. |
| 260 |
_a[S.l.] : _bPrinceton University Press, _c2006. |
||
| 300 |
_a362 p. ; _c24 cm. |
||
| 700 | 1 | _aFeron, Eric. | |
| 942 |
_aSNS _cBK _k519.94 BEZ |
||
| 999 |
_c29482 _d29482 |
||